Ground-water resources of Kansas / (Record no. 27682)
[ view plain ]
| 000 -LEADER | |
|---|---|
| fixed length control field | 01854cam a22003131 4500 |
| 001 - CONTROL NUMBER | |
| control field | gs 41000004 |
| 003 - CONTROL NUMBER IDENTIFIER | |
| control field | DLC |
| 005 - DATE AND TIME OF LATEST TRANSACTION | |
| control field | 20260227111346.0 |
| 008 - FIXED-LENGTH DATA ELEMENTS--GENERAL INFORMATION | |
| fixed length control field | 780417s1940 ksuabf 000 0 eng c |
| 010 ## - LIBRARY OF CONGRESS CONTROL NUMBER | |
| LC control number | gs 41000004 |
| 035 ## - SYSTEM CONTROL NUMBER | |
| System control number | (OCoLC)3807370 |
| 040 ## - CATALOGING SOURCE | |
| Original cataloging agency | U. S. Geol. Survey. Library. |
| Transcribing agency | TxEU |
| Modifying agency | OCoLC |
| -- | DLC |
| 050 00 - LIBRARY OF CONGRESS CALL NUMBER | |
| Classification number | QE113 |
| Item number | .A2 no. 27 |
| 082 ## - DEWEY DECIMAL CLASSIFICATION NUMBER | |
| Classification number | (557.81) 551.49 |
| 100 1# - MAIN ENTRY--PERSONAL NAME | |
| Personal name | Moore, Raymond C. |
| Fuller form of name | (Raymond Cecil), |
| Dates associated with a name | 1892-1974. |
| 245 10 - TITLE STATEMENT | |
| Title | Ground-water resources of Kansas / |
| Statement of responsibility, etc. | by Raymond C. Moore, with chapters by S. W. Lohman, J. C. Frye, H. A. Waite, T. G. McLaughlin and Bruce Latta. |
| 260 ## - PUBLICATION, DISTRIBUTION, ETC. | |
| Place of publication, distribution, etc. | Topeka, Kansas : |
| Name of publisher, distributor, etc. | W. C. Austin, state printer, |
| Date of publication, distribution, etc. | 1940. |
| 300 ## - PHYSICAL DESCRIPTION | |
| Extent | 112 p. : |
| Other physical details | incl. illus., plates, diagrs, fold. maps ; |
| Dimensions | 23 cm. |
| 490 0# - SERIES STATEMENT | |
| Series statement | (Kansas. State geological survey. Bulletin 27) |
| 500 ## - GENERAL NOTE | |
| General note | University of Kansas Publications, vol. 1940 no. 2 June 25, 1940. |
| 501 ## - WITH NOTE | |
| With note | With : Exploration for oil and gas in western Kansas during 1939 ..., 1940 -- Asphalt rock in eastern Kansas, 1940 -- Oil and gas in Linn County, Kansas / by John. M. Jewett, with chapters by Wallace Lee and R. P. Keroher, 1940 -- Oil and gas in Montgomery County, Kansas / by G. E. Abernathy, with chapters by R. P. Keroher and Wallace Lee, 1940 -- Coal resources of Kansas : post-Cherokee deposits, 1940 -- Subsurface Mississippian rocks of Kansas / by Wallace Lee ; with Report on fossils of Mississippian age from well cores in western Kansas, by George H. Girty, 1940. Bound together subsequent to publication. |
| Institution to which field applies | DLC |
| 650 #0 - SUBJECT ADDED ENTRY--TOPICAL TERM | |
| Topical term or geographic name entry element | Groundwater |
| Geographic subdivision | Kansas. |
| 650 #0 - SUBJECT ADDED ENTRY--TOPICAL TERM | |
| Topical term or geographic name entry element | Water-supply |
| Geographic subdivision | Kansas. |
| 700 1# - ADDED ENTRY--PERSONAL NAME | |
| Personal name | Lohman, Stanley William, |
| Dates associated with a name | 1907- . |
| 700 1# - ADDED ENTRY--PERSONAL NAME | |
| Personal name | Frye, John Chapman, |
| Dates associated with a name | 1912- |
| 700 1# - ADDED ENTRY--PERSONAL NAME | |
| Personal name | Waite, Herbert Ames, |
| Dates associated with a name | 1910- . |
| 700 1# - ADDED ENTRY--PERSONAL NAME | |
| Personal name | McLaughlin, Thad G. |
| Fuller form of name | (Thad Gerald), |
| Dates associated with a name | 1913- |
| 700 1# - ADDED ENTRY--PERSONAL NAME | |
| Personal name | Latta, Bruce Ferrell, |
| Dates associated with a name | 1916- . |
No items available.